[Event "Mare di Fano op 6th"]
[Site "Fano"]
[Date "2017.07.31"]
[Round "3"]
[White "Supino, Domenico"]
[Black "Di Chiara, Mauro"]
[Result "1/2-1/2"]
[WhiteElo "1925"]
[BlackElo "1964"]
[PlyCount "106"]
[EventDate "2017.07.29"]
[EventType "swiss"]
[EventRounds "9"]
[EventCountry "ITA"]
[SourceTitle "EXT 2018"]
[Source "ChessBase"]
[SourceDate "2017.10.13"]
[SourceVersion "1"]
[SourceVersionDate "2017.10.13"]
[SourceQuality "1"]

1. d4 g6 2. c4 Bg7 3. Nf3 d6 4. g3 Nf6 5. Bg2 0-0 6. 0-0 Nc6 7. Nc3 e5 8. d5 Ne7 9. e4 Nh5 10. Ne1 Qe8 11. Nd3 f5 12. exf5 Bxf5 13. Re1 Qd7 14. Bg5 h6 15. Bxe7 Qxe7 16. f4 Qf7 17. fxe5 Bxd3 18. Qxd3 Bxe5 19. Rf1 Qg7 20. Be4 Kh7 21. Rad1 Bxc3 22. bxc3 Nf6 23. Rf4 Nd7 24. Rdf1 Rxf4 25. Rxf4 Rf8 26. Rxf8 Nxf8 27. h4 Nd7 28. h5 Ne5 29. hxg6+ Nxg6 30. Bxg6+ Qxg6 31. Qxg6+ Kxg6 32. Kf2 Kf5 33. Kf3 h5 34. Ke3 Kg4 35. Kf2 c6 36. c5 Kf5 37. cxd6 Kf6 38. c4 cxd5 39. c5 Ke6 40. Ke3 Kd7 41. Kd4 Ke6 42. a4 b6 43. cxb6 axb6 44. d7 Kxd7 45. Kxd5 Kc7 46. Ke5 Kc6 47. Kf5 Kc5 48. Kg5 Kb4 49. Kxh5 Kxa4 50. g4 b5 51. g5 b4 52. g6 b3 53. g7 b2 1/2-1/2

[Event "Napoli Spring Cup 1st"]
[Site "Napoli"]
[Date "2017.03.30"]
[Round "4"]
[White "Cocchia, Umberto"]
[Black "Supino, Domenico"]
[Result "0-1"]
[WhiteElo "1835"]
[BlackElo "1968"]
[PlyCount "50"]
[EventDate "2017.03.09"]
[EventType "swiss"]
[EventRounds "6"]
[EventCountry "ITA"]
[SourceTitle "EXT 2018"]
[Source "ChessBase"]
[SourceDate "2017.10.13"]
[SourceVersion "1"]
[SourceVersionDate "2017.10.13"]
[SourceQuality "1"]

1. e4 c5 2. Nc3 e6 3. g3 Nc6 4. Bg2 Nf6 5. d3 Be7 6. Nge2 Rb8 7. 0-0 d6 8. h3 b5 9. Be3 b4 10. Na4 e5 11. c3 Ba6 12. c4 Bc8 13. b3 Bd7 14. f4 Nd4 15. Nb2 Qc8 16. g4 h6 17. a4 Nh7 18. Nxd4 cxd4 19. Bd2 h5 20. f5 hxg4 21. Qxg4 g6 22. Qg3 gxf5 23. exf5 Nf6 24. Qf3 Rg8 25. c5 Bc6 0-1

[Event "Napoli Winter Cup 1st"]
[Site "Napoli"]
[Date "2017.02.16"]
[Round "5"]
[White "Supino, Domenico"]
[Black "Freda, Guido"]
[Result "1-0"]
[WhiteElo "1968"]
[BlackElo "1511"]
[PlyCount "69"]
[EventDate "2017.01.19"]
[EventType "swiss"]
[EventRounds "5"]
[EventCountry "ITA"]
[SourceTitle "EXT 2018"]
[Source "ChessBase"]
[SourceDate "2017.10.13"]
[SourceVersion "1"]
[SourceVersionDate "2017.10.13"]
[SourceQuality "1"]

1. d4 d5 2. c4 e6 3. Nf3 Nf6 4. g3 c6 5. Bg2 Be7 6. 0-0 0-0 7. Qc2 dxc4 8. Qxc4 b5 9. Qc2 Nd5 10. a3 f5 11. Nbd2 Qb6 12. e4 fxe4 13. Nxe4 Nf6 14. Bf4 Nbd7 15. Rac1 Bb7 16. Nfg5 Nxe4 17. Qxe4 Bxg5 18. Qxe6+ Rf7 19. Bxg5 Nf8 20. Qe4 Rc8 21. b4 h6 22. Be3 Qa6 23. Qd3 Rd7 24. Bh3 Ba8 25. Rc5 Rd5 26. Bxc8 Qxc8 27. Rxd5 cxd5 28. Qxb5 Bc6 29. Rc1 Bxb5 30. Rxc8 a6 31. Bf4 Kf7 32. Rc7+ Kg6 33. Be5 Ne6 34. Re7 Kf5 35. g4+ 1-0

[Event "Napoli Sociale-ch"]
[Site "Napoli"]
[Date "2015.11.19"]
[Round "3"]
[White "Supino, Domenico"]
[Black "Esposito, Luca"]
[Result "0-1"]
[WhiteElo "2017"]
[BlackElo "2212"]
[PlyCount "80"]
[EventDate "2015.11.05"]
[EventType "swiss"]
[EventRounds "7"]
[EventCountry "ITA"]
[SourceTitle "EXT 2018"]
[Source "ChessBase"]
[SourceDate "2017.10.13"]
[SourceVersion "1"]
[SourceVersionDate "2017.10.13"]
[SourceQuality "1"]

1. d4 f5 2. e4 fxe4 3. Nc3 Nf6 4. Bg5 Nc6 5. d5 Ne5 6. Qd4 Nf7 7. Bxf6 exf6 8. Nxe4 f5 9. Nc3 Bd6 10. Nf3 0-0 11. 0-0-0 a6 12. h4 Nh6 13. g3 Ng4 14. Bh3 b6 15. Qd2 Qf6 16. Rhe1 Bb7 17. Nd4 Rae8 18. Kb1 Bc5 19. Nb3 Rxe1 20. Rxe1 Bb4 21. f3 Ne5 22. Qe2 Nf7 23. Qd3 Nd6 24. Re3 Qf7 25. Re5 g6 26. Bg2 Ne8 27. f4 Nf6 28. a3 Bd6 29. Re2 Re8 30. Nc1 Rxe2 31. N1xe2 b5 32. b4 Kg7 33. Qd4 Qe8 34. Bf3 Bf8 35. Kb2 Kf7 36. Qd3 Bg7 37. Kb3 Qe7 38. Nd4 Qd6 39. Nde2 Qb6 40. Nd4 Ne8 0-1

[Event "Napoli Sociale op"]
[Site "Napoli"]
[Date "2015.07.16"]
[Round "7"]
[White "De Rosa, Francesco"]
[Black "Supino, Domenico"]
[Result "0-1"]
[WhiteElo "1971"]
[BlackElo "2021"]
[PlyCount "108"]
[EventDate "2015.06.04"]
[EventType "swiss"]
[EventRounds "7"]
[EventCountry "ITA"]
[SourceTitle "EXT 2017"]
[Source "ChessBase"]
[SourceDate "2016.10.25"]
[SourceVersion "1"]
[SourceVersionDate "2016.10.25"]
[SourceQuality "1"]

1. Nf3 Nf6 2. g3 g6 3. Bg2 Bg7 4. c4 c5 5. 0-0 0-0 6. Nc3 Nc6 7. e3 d6 8. d4 cxd4 9. Nxd4 Bd7 10. Qd2 Rc8 11. b3 a6 12. Bb2 Qa5 13. h3 Rfe8 14. Rfd1 Nxd4 15. exd4 b5 16. cxb5 axb5 17. g4 b4 18. Ne2 Nd5 19. Rdc1 e6 20. a4 Bc6 21. Rc4 Rc7 22. Rac1 Rec8 23. g5 Qa8 24. Bxd5 exd5 25. Rxb4 Bd7 26. Rxc7 Rxc7 27. Rb6 Bxh3 28. Qb4 Qd8 29. Rb8 Bc8 30. Qd2 Qd7 31. Ng3 Bf8 32. Ba3 Qg4 33. Qa5 Rc2 34. Qxd5 Qf4 35. Qg2 Qxd4 36. Qf1 Ra2 37. Bc1 Rc2 38. Be3 Qd5 39. Rb5 Qc6 40. Qg2 Qc3 41. Ne4 Qe1+ 42. Kh2 Ba6 43. Nf6+ Kg7 44. Qh3 Rxf2+ 45. Bxf2 Qxf2+ 46. Qg2 Qf4+ 47. Kh3 Bxb5 48. axb5 Qf5+ 49. Kh2 Qxb5 50. Qf3 Qxg5 51. Ne8+ Kg8 52. Nf6+ Kh8 53. Ne4 Qe5+ 54. Kg2 d5 0-1

[Event "Napoli Sociale op"]
[Site "Napoli"]
[Date "2015.06.25"]
[Round "4"]
[White "Supino, Domenico"]
[Black "Somma, Erminio"]
[Result "1-0"]
[WhiteElo "2021"]
[BlackElo "1512"]
[PlyCount "91"]
[EventDate "2015.06.04"]
[EventType "swiss"]
[EventRounds "7"]
[EventCountry "ITA"]
[SourceTitle "EXT 2017"]
[Source "ChessBase"]
[SourceDate "2016.10.25"]
[SourceVersion "1"]
[SourceVersionDate "2016.10.25"]
[SourceQuality "1"]

1. Nf3 Nc6 2. g3 f5 3. d4 d5 4. Bg2 Nf6 5. 0-0 g6 6. e3 Ne4 7. b3 Bg7 8. Bb2 0-0 9. c4 e6 10. Nbd2 Nxd2 11. Qxd2 a5 12. Rfd1 b6 13. Ne5 Nxe5 14. dxe5 c6 15. cxd5 cxd5 16. Rac1 Bb7 17. Bd4 Rc8 18. Qd3 Rf7 19. Qb5 Qd7 20. Qxb6 Ra8 21. Bf1 Bc8 22. f4 Qb7 23. Qd8+ Rf8 24. Qd6 Qd7 25. Qxd7 Bxd7 26. Rc7 Bc8 27. Rdc1 Ba6 28. Bxa6 Rxa6 29. Re7 Rf7 30. Rc8+ Rf8 31. Rcc7 Bh8 32. Rxh7 Raa8 33. Rh6 Bg7 34. Rxg6 Rf7 35. Rc6 Re8 36. Rgxe6 Rxe6 37. Rxe6 Rc7 38. a4 Rc1+ 39. Kg2 Rb1 40. Rb6 Bf8 41. e6 Bb4 42. Rb8+ Kh7 43. h4 Kg6 44. Rg8+ Kh7 45. Rg7+ Kh6 46. e7 1-0

[Event "Napoli Antica Scuola 3rd"]
[Site "Napoli"]
[Date "2014.12.18"]
[Round "3"]
[White "Supino, Domenico"]
[Black "Ficco, Corrado"]
[Result "0-1"]
[WhiteElo "2040"]
[BlackElo "2038"]
[PlyCount "88"]
[EventDate "2014.12.04"]
[EventType "swiss"]
[EventRounds "6"]
[EventCountry "ITA"]
[SourceTitle "EXT 2017"]
[Source "ChessBase"]
[SourceDate "2016.10.25"]
[SourceVersion "1"]
[SourceVersionDate "2016.10.25"]
[SourceQuality "1"]

1. Nf3 g6 2. g3 b6 3. Bg2 Bb7 4. d4 Bg7 5. 0-0 d6 6. c4 e6 7. Nc3 Ne7 8. e4 Nd7 9. Be3 h6 10. Qc2 a6 11. Rad1 0-0 12. h3 Qb8 13. b4 c6 14. c5 d5 15. Bf4 Qd8 16. Bd6 Re8 17. Rfe1 dxe4 18. Nxe4 Nd5 19. Qb3 f5 20. Ned2 b5 21. Re2 a5 22. a3 axb4 23. axb4 Ra4 24. Qd3 Nxb4 25. Qb1 Nd5 26. Nb3 Nc3 27. Qd3 Nxe2+ 28. Qxe2 Kh7 29. Re1 Rb4 30. Qd3 Ra4 31. h4 Nf6 32. Ne5 Nd5 33. Bxd5 exd5 34. h5 Bxe5 35. hxg6+ Kxg6 36. Bxe5 Ra3 37. Qd1 Bc8 38. Kg2 Qg5 39. Rh1 Rxe5 40. dxe5 f4 41. Kf1 fxg3 42. fxg3 Bg4 43. Qc2+ Bf5 44. Qb2 Rxb3 0-1

[Event "Napoli Parthenope op 6th"]
[Site "Napoli"]
[Date "2014.06.05"]
[Round "3"]
[White "Supino, Domenico"]
[Black "Caiazzo, Diego"]
[Result "1-0"]
[WhiteElo "2074"]
[BlackElo "1780"]
[PlyCount "95"]
[EventDate "2014.06.01"]
[EventType "swiss"]
[EventRounds "7"]
[EventCountry "ITA"]
[SourceTitle "EXT 2018"]
[Source "ChessBase"]
[SourceDate "2017.10.13"]
[SourceVersion "1"]
[SourceVersionDate "2017.10.13"]
[SourceQuality "1"]

1. d4 e6 2. c4 d5 3. Nf3 Nf6 4. g3 Be7 5. Bg2 c6 6. 0-0 0-0 7. Qc2 Nbd7 8. b3 Re8 9. Bb2 Bf8 10. Nbd2 g6 11. Rfd1 Bg7 12. h3 a6 13. a4 Nf8 14. Ne5 N6d7 15. Nd3 Nb6 16. c5 Nbd7 17. a5 Qc7 18. e4 f6 19. Re1 Qd8 20. b4 g5 21. Re2 Ng6 22. Rae1 Ndf8 23. exd5 cxd5 24. c6 bxc6 25. Qxc6 Bd7 26. Qd6 Bb5 27. Qxd8 Raxd8 28. Re3 Bxd3 29. Rxd3 f5 30. Nb3 Nd7 31. Rde3 Kf7 32. Bf1 Nb8 33. b5 axb5 34. Bxb5 Re7 35. a6 Nd7 36. Ba3 Ree8 37. Nc5 Ngf8 38. Nb7 Nb6 39. Nxd8+ Rxd8 40. Bxf8 Rxf8 41. Rxe6 Bxd4 42. Re7+ Kg8 43. Bc6 h5 44. a7 f4 45. g4 hxg4 46. hxg4 Bf6 47. Rb7 Bd8 48. Bxd5+ 1-0

[Event "Napoli Porreca Memorial 3rd"]
[Site "Napoli"]
[Date "2013.10.10"]
[Round "3"]
[White "Cocchia, Umberto"]
[Black "Supino, Domenico"]
[Result "0-1"]
[WhiteElo "1859"]
[BlackElo "2083"]
[PlyCount "40"]
[EventDate "2013.09.26"]
[EventType "swiss"]
[EventRounds "7"]
[EventCountry "ITA"]
[SourceTitle "EXT 2015"]
[Source "ChessBase"]
[SourceDate "2014.11.20"]
[SourceVersion "1"]
[SourceVersionDate "2014.11.20"]
[SourceQuality "1"]

1. e4 c5 2. Nf3 Nc6 3. d4 cxd4 4. Nxd4 e5 5. Nb5 a6 6. Nd6+ Bxd6 7. Qxd6 Qf6 8. Qd1 Qg6 9. Nc3 Nge7 10. Be3 d5 11. Nxd5 Nxd5 12. Qxd5 Be6 13. Qc5 Qxe4 14. 0-0-0 Nb4 15. f3 Nxa2+ 16. Kb1 Qa4 17. Bg5 f6 18. Rd6 Bf7 19. Bxa6 bxa6 20. Re1 0-0 0-1

[Event "Napoli Sociale-ch"]
[Site "Napoli"]
[Date "2012.06.21"]
[Round "4"]
[White "Esposito, Rosario"]
[Black "Supino, Domenico"]
[Result "0-1"]
[WhiteElo "1854"]
[BlackElo "2081"]
[PlyCount "74"]
[EventDate "2012.05.31"]
[EventType "swiss"]
[EventRounds "7"]
[EventCountry "ITA"]
[SourceTitle "EXT 2018"]
[Source "ChessBase"]
[SourceDate "2017.10.13"]
[SourceVersion "1"]
[SourceVersionDate "2017.10.13"]
[SourceQuality "1"]

1. d4 b5 2. e4 Bb7 3. Bd3 e6 4. Ne2 c5 5. c3 a6 6. Be3 Qc7 7. 0-0 Nf6 8. f3 Be7 9. Nd2 d6 10. c4 b4 11. d5 e5 12. Ng3 g6 13. f4 Nbd7 14. Nf3 Ng4 15. Bd2 exf4 16. Bxf4 Bf6 17. Qd2 Bg7 18. Ne2 0-0 19. Rae1 Rae8 20. Ng3 a5 21. Qc2 Nge5 22. b3 Qd8 23. Bc1 Bc8 24. Qb1 Nxf3+ 25. gxf3 Ne5 26. Be2 Bh3 27. Rf2 h5 28. Bf1 Bxf1 29. Nxf1 Qh4 30. Be3 Qh3 31. Qd1 f5 32. Bf4 fxe4 33. fxe4 Nd3 34. Re3 Nxf2 35. Rxh3 Nxd1 36. Bxd6 Bd4+ 37. Kg2 Rf2+ 0-1

[Event "Napoli Sociale-ch"]
[Site "Napoli"]
[Date "2012.05.31"]
[Round "1"]
[White "Supino, Domenico"]
[Black "De Rosa, Francesco"]
[Result "1/2-1/2"]
[WhiteElo "2081"]
[BlackElo "1950"]
[PlyCount "92"]
[EventDate "2012.05.31"]
[EventType "swiss"]
[EventRounds "7"]
[EventCountry "ITA"]
[SourceTitle "EXT 2018"]
[Source "ChessBase"]
[SourceDate "2017.10.13"]
[SourceVersion "1"]
[SourceVersionDate "2017.10.13"]
[SourceQuality "1"]

1. Nf3 Nf6 2. g3 d5 3. Bg2 Nc6 4. d4 Bf5 5. c3 h6 6. Nbd2 Ne4 7. 0-0 e6 8. Ne1 Nxd2 9. Bxd2 Bd6 10. f3 0-0 11. e4 Bg6 12. Nd3 Na5 13. Qe2 c6 14. b3 b6 15. e5 Bxd3 16. Qxd3 Be7 17. Bh3 c5 18. Rae1 c4 19. bxc4 Nxc4 20. Bc1 Rc8 21. f4 Rc6 22. f5 exf5 23. Bxf5 Bg5 24. Bxg5 Qxg5 25. e6 Rc7 26. exf7+ Kh8 27. Re8 Rcxf7 28. Rxf8+ Rxf8 29. Bh3 Qe3+ 30. Qxe3 Rxf1+ 31. Bxf1 Nxe3 32. Be2 Nf5 33. Kf2 Kg8 34. Bd3 Nd6 35. Ke3 Kf7 36. Bf1 Ne4 37. c4 Nc3 38. cxd5 Nxd5+ 39. Kf3 Kf6 40. Bc4 Nc7 41. Ke4 b5 42. Be2 b4 43. d5 Ne8 44. Kd4 Nd6 45. Kc5 Ke5 46. Bf3 a5 1/2-1/2

[Event "Napoli Parthenope op 4th"]
[Site "Napoli"]
[Date "2012.04.26"]
[Round "5"]
[White "Schiappoli, Dario"]
[Black "Supino, Domenico"]
[Result "0-1"]
[WhiteElo "1953"]
[BlackElo "2085"]
[PlyCount "84"]
[EventDate "2012.03.22"]
[EventType "swiss"]
[EventRounds "7"]
[EventCountry "ITA"]
[SourceTitle "EXT 2018"]
[Source "ChessBase"]
[SourceDate "2017.10.13"]
[SourceVersion "1"]
[SourceVersionDate "2017.10.13"]
[SourceQuality "1"]

1. e4 e6 2. Nf3 d5 3. e5 c5 4. b4 b6 5. c3 Bd7 6. a3 Nc6 7. Bd3 Nge7 8. Bc2 Ng6 9. d4 cxd4 10. cxd4 Rc8 11. Be3 f5 12. h4 Be7 13. Nbd2 a5 14. b5 Na7 15. a4 Rxc2 16. Qxc2 f4 17. Bxf4 Nxf4 18. g3 Ng6 19. Qd3 0-0 20. Rc1 Nc8 21. Rc2 Rf5 22. h5 Nf8 23. Nh4 Rf7 24. Ndf3 Bb4+ 25. Ke2 Ne7 26. Ng5 Rf5 27. Nxf5 Nxf5 28. f4 h6 29. Nh3 Qe8 30. g4 Ne7 31. Kd1 Nh7 32. Ng1 Qd8 33. Nf3 Be8 34. f5 Bf7 35. Rg2 Qe8 36. f6 gxf6 37. exf6 Nxf6 38. g5 hxg5 39. Nxg5 Bxh5+ 40. Nf3+ Kf8 41. Qe3 Nf5 42. Qf4 Bd6 0-1

[Event "Napoli Parthenope op 4th"]
[Site "Napoli"]
[Date "2012.04.12"]
[Round "3"]
[White "Supino, Domenico"]
[Black "Avolio, Giovanni"]
[Result "0-1"]
[WhiteElo "2085"]
[BlackElo "1905"]
[PlyCount "118"]
[EventDate "2012.03.22"]
[EventType "swiss"]
[EventRounds "7"]
[EventCountry "ITA"]
[SourceTitle "EXT 2018"]
[Source "ChessBase"]
[SourceDate "2017.10.13"]
[SourceVersion "1"]
[SourceVersionDate "2017.10.13"]
[SourceQuality "1"]

1. e4 d6 2. d4 Nf6 3. Nc3 g6 4. Be3 c6 5. Qd2 Qa5 6. f3 Bg7 7. Nge2 0-0 8. g4 Nbd7 9. Ng3 h5 10. g5 Ne8 11. a3 e5 12. f4 exf4 13. Bxf4 c5 14. dxc5 Ne5 15. Bxe5 Bxe5 16. cxd6 Nxd6 17. Bd3 Bg4 18. Nge2 Rad8 19. b4 Bxc3 20. Nxc3 Qe5 21. 0-0 Qd4+ 22. Kh1 Nxe4 23. Nxe4 Qxe4+ 24. Bxe4 Rxd2 25. c4 b6 26. Bd5 Re2 27. Rf6 Bf5 28. Rf1 Be4+ 29. Bxe4 Rxe4 30. R6f4 Re5 31. h4 Re3 32. R1f3 Rxf3 33. Rxf3 Rd8 34. Rc3 Rd2 35. c5 bxc5 36. bxc5 Kf8 37. c6 Rd8 38. Kg2 Rc8 39. Kf3 Ke7 40. Ke4 Kd6 41. Rd3+ Kxc6 42. Rc3+ Kd7 43. Rxc8 Kxc8 44. Ke5 Kd7 45. Kf6 Ke8 46. a4 a5 47. Ke5 Ke7 48. Kd5 f5 49. gxf6+ Kxf6 50. Ke4 g5 51. hxg5+ Kxg5 52. Kf3 Kf5 53. Kg3 Ke4 54. Kh4 Kd4 55. Kxh5 Kc4 56. Kg4 Kb4 57. Kf3 Kxa4 58. Ke2 Kb3 59. Kd1 Kb2 0-1

[Event "Napoli Province-ch 2012"]
[Site "Napoli"]
[Date "2012.01.05"]
[Round "3"]
[White "Supino, Domenico"]
[Black "Messina, Enrico"]
[Result "0-1"]
[WhiteElo "2097"]
[BlackElo "2125"]
[PlyCount "38"]
[EventDate "2011.12.15"]
[EventType "swiss"]
[EventRounds "7"]
[EventCountry "ITA"]
[SourceTitle "EXT 2018"]
[Source "ChessBase"]
[SourceDate "2017.10.13"]
[SourceVersion "1"]
[SourceVersionDate "2017.10.13"]
[SourceQuality "1"]

1. e4 c5 2. Nf3 d6 3. d4 cxd4 4. Nxd4 Nf6 5. Nc3 g6 6. Be3 Bg7 7. f3 0-0 8. Qd2 Nc6 9. Bc4 Bd7 10. 0-0-0 Rb8 11. g4 Na5 12. Be2 b5 13. g5 b4 14. Nd5 Nxd5 15. exd5 Qc7 16. Kb1 Nc4 17. Bxc4 Qxc4 18. Ne2 Bf5 19. Ng3 b3 0-1

[Event "Napoli Vomero Inverno op 6th"]
[Site "Napoli"]
[Date "2011.02.25"]
[Round "7"]
[White "Supino, Domenico"]
[Black "Zinnai, Graziano Matteo"]
[Result "1/2-1/2"]
[WhiteElo "2109"]
[BlackElo "1807"]
[PlyCount "74"]
[EventDate "2011.01.14"]
[EventType "swiss"]
[EventRounds "7"]
[EventCountry "ITA"]
[SourceTitle "EXT 2012"]
[Source "ChessBase"]
[SourceDate "2011.11.24"]
[SourceVersion "1"]
[SourceVersionDate "2011.11.24"]
[SourceQuality "1"]

1. e4 c6 2. d4 d5 3. exd5 cxd5 4. c4 Nf6 5. Nc3 Nc6 6. Bg5 Qa5 7. Bxf6 gxf6 8. cxd5 Nb4 9. Bc4 Bf5 10. Rc1 Bh6 11. Bb5+ Kf8 12. a3 Nxd5 13. Nge2 Bxc1 14. Qxc1 e6 15. 0-0 Rc8 16. Qh6+ Ke7 17. Nxd5+ exd5 18. Nc3 Rxc3 19. Re1+ Be6 20. bxc3 Qxb5 21. f4 f5 22. Rxe6+ fxe6 23. Qg7+ Kd6 24. Qxh8 Qb1+ 25. Kf2 Qc2+ 26. Kf1 Qd1+ 27. Kf2 Qd2+ 28. Kf1 Qxf4+ 29. Kg1 Qe3+ 30. Kf1 Qd3+ 31. Kf2 Qd2+ 32. Kf1 Qc1+ 33. Kf2 Qc2+ 34. Kg1 Qc1+ 35. Kf2 Qc2+ 36. Kg1 Qc1+ 37. Kf2 Qc2+ 1/2-1/2

[Event "Napoli Vomero Inverno op 6th"]
[Site "Napoli"]
[Date "2011.02.04"]
[Round "4"]
[White "Supino, Domenico"]
[Black "Pinto, Gaetano"]
[Result "1/2-1/2"]
[WhiteElo "2109"]
[BlackElo "2023"]
[PlyCount "65"]
[EventDate "2011.01.14"]
[EventType "swiss"]
[EventRounds "7"]
[EventCountry "ITA"]
[SourceTitle "EXT 2012"]
[Source "ChessBase"]
[SourceDate "2011.11.24"]
[SourceVersion "1"]
[SourceVersionDate "2011.11.24"]
[SourceQuality "1"]

1. e4 e6 2. d3 Nc6 3. Nf3 e5 4. g3 Bc5 5. Bg2 d6 6. c3 Nf6 7. 0-0 a6 8. a4 0-0 9. Qe2 Re8 10. Be3 Ba7 11. Nbd2 Ne7 12. Bxa7 Rxa7 13. Nc4 Ng6 14. Ne3 Ra8 15. Nd2 Nd7 16. h4 h6 17. Nf3 Nf6 18. Nh2 Nh7 19. Nhg4 Nf6 20. Nh2 Nh7 21. Nf3 Nf6 22. Nd2 Nh7 23. Ndc4 Be6 24. Nf5 Ne7 25. Nce3 c6 26. Bh3 Nxf5 27. Bxf5 g6 28. Bxe6 fxe6 29. Ng4 Kg7 30. Qe3 g5 31. hxg5 Qxg5 32. Qxg5+ hxg5 33. Kg2 1/2-1/2

[Event "Napoli Vomero Inverno op 6th"]
[Site "Napoli"]
[Date "2011.01.14"]
[Round "1"]
[White "Esposito, Rosario"]
[Black "Supino, Domenico"]
[Result "1/2-1/2"]
[WhiteElo "1833"]
[BlackElo "2109"]
[PlyCount "58"]
[EventDate "2011.01.14"]
[EventType "swiss"]
[EventRounds "7"]
[EventCountry "ITA"]
[SourceTitle "EXT 2012"]
[Source "ChessBase"]
[SourceDate "2011.11.24"]
[SourceVersion "1"]
[SourceVersionDate "2011.11.24"]
[SourceQuality "1"]

1. d4 Nf6 2. c4 g6 3. Nc3 Bg7 4. e4 d6 5. f3 0-0 6. Be3 Nbd7 7. Qd2 e5 8. d5 Ne8 9. 0-0-0 a5 10. Bd3 Nc5 11. Bc2 Bd7 12. g4 a4 13. h4 f6 14. Nge2 c6 15. Bxc5 cxd5 16. Qxd5+ Rf7 17. Be3 Bc6 18. Qd2 Qa5 19. Nd5 Qd8 20. Ng3 b5 21. Nb6 Rb8 22. c5 Rfb7 23. Ne2 Bf8 24. Nc3 Be7 25. Nbd5 dxc5 26. Nxe7+ Qxe7 27. Nd5 Qf8 28. g5 c4 29. Qb4 Qf7 1/2-1/2